| 000 | 00579nam a2200169 a 4500 | ||
|---|---|---|---|
| 001 | 000041701 | ||
| 005 | 20201002035715.0 | ||
| 008 | 131016s1999 sp a 000 0 spa d | ||
| 020 | _a9788427712935 | ||
| 040 |
_aDO-SdBNP _bspa _cBNPHU |
||
| 082 |
_axxxxx _bxxxxx |
||
| 100 | 1 |
_aVila Badia, Anna _968517 |
|
| 245 | 1 | 0 |
_aTengo una hija deficiente : _bevolución, socialización y tratamiento de una niña diferente / _cAnna Vila Badia ; prólogo Roig Monserrat. |
| 260 |
_aMadrid : _bNarcea, _c1999. |
||
| 300 |
_a154 p. : _bil. ; _c22 cm. |
||
| 700 | 1 |
_aRoig, Monserrat, _epról. _968518 |
|
| 999 |
_c41190 _d41190 |
||